000 00494nam a2200169 i 4500
001 90275
003 ES-MaACL
005 20230906180411.0
007 t|
008 050119s1935 fr ||||1| fre d
100 1 _aLe Gentil, Georges.
_970883
245 1 3 _aLa littérature portugaise /
_cpar Georges Le Gentil.
260 _aParis :
_b[s.n.],
_c1935 (
_eOrleans :
_fImp. Henri Tessier)
300 _a208 p. ;
_c17 cm.
650 4 _aLiteratura portuguesa.
_9136431
852 _aES-MaACL
_jA-3600
999 _c90275
_d90275